Tilastot visalle Maailman 196 valtiota pelkillä vokaaleilla

Klikkaa tästä pelataksesi tätä visaa!

Yleistilastot

  • Tätä visaa on pelattu 351 kertaa
  • Keskiarvotulos 161 / 196

Vastaukset kartalla

Vastauksille on annettu kartalla punavihreä väri sen mukaan, kuinka moni on saanut sen oikein.
 

Vastaustilastot

VowelsFull Name% Oikein
ATšad
99%
Ai I a EiSaint Kitts ja Nevis
98%
AaGhana | Malta | Qatar | +3 others
96%
AaiJapani
96%
AaaBahama | Kanada | Kazakstan | Panama
95%
OaNorja | Oman | Tonga
95%
OaiaJordania
95%
UoiRuotsi | Suomi
95%
AiMali
94%
AiiaBrasilia
94%
IaIrak | Iran
94%
EaNepal
93%
EiBenin | Tšekki
93%
IiFidži
93%
OoTogo
93%
Oo aaaaKongon tasavalta
93%
Oo eoaaie aaaaKongon demokraattinen tasavalta
93%
UaBhutan | Sudan
93%
UiTurkki
93%
YaaMyanmar
93%
EaaEspanja | Grenada
92%
EääVenäjä
92%
EeJemen
92%
IaiIrlanti | Islanti
92%
IiaIntia | Kiina
92%
Iia a OaoTrinidad ja Tobago
92%
IiiaKirgisia
92%
AiaGambia | Latvia | Pakistan | +2 others
91%
AiaaThaimaa
91%
EaiiEswatini
91%
IoViro
91%
OaiMosambik
91%
Ai Ie a EaiiiSaint Vincent ja
Grenadiinit
90%
AoGabon | Laos
90%
EioMeksiko
90%
IeChile | Niger
90%
Oa IaCosta Rica
90%
OaiaKroatia | Romania | Slovakia | Somalia
90%
AaaaMadagaskar
89%
AaiBahrain | Malawi
89%
Aiua a AuaAntigua ja Barbuda
89%
Aua-Uui-UieaPapua-Uusi-Guinea
89%
IaiaItalia
89%
OoiKomorit
89%
OuaHonduras
89%
OuaiPortugali
89%
UaiKuwait | Unkari
89%
UaiaBulgaria | Ukraina
89%
AeiaAlgeria | Armenia | Malesia
88%
AuaiaAustralia
88%
EeaSenegal
88%
EiaBelgia | Kenia | Kreikka | Serbia
88%
EyiEgypti
88%
IeuaLiettua
88%
OoiaMongolia
88%
UoaPuola
88%
YyaaYhdysvallat
88%
AaiaAfganistan | Albania | Jamaika | Tansania
87%
AaiaaeMarshallinsaaret
87%
AaoBarbados
86%
AeiiaArgentiina
86%
AiiHaiti
86%
Ao-eääValko-Venäjä
86%
AooMarokko
86%
Aui AaiaSaudi-Arabia
86%
Eeä-OeaEtelä-Korea
86%
EuPeru
86%
AaoaaAlankomaat
85%
AauPalau
85%
AoaAndorra | Angola | Kambodža | Samoa
85%
Eeä-AiaEtelä-Afrikka
85%
I AaSri Lanka
85%
OiiaBolivia | Dominica
85%
Ooi-OeaPohjois-Korea
85%
UuiBurundi
85%
Yiyy uiauaYhdistynyt kuningaskunta
85%
EiiSveitsi
84%
IiiiiFilippiinit
84%
IoeiaIndonesia | Mikronesia
84%
OuiaKolumbia
83%
Uui-EeaiUusi-Seelanti
83%
UuuayUruguay
83%
AauayParaguay
82%
IeaVietnam
82%
IyaLibya
82%
UuaKuuba
82%
AiiaNamibia | Tadžikistan
81%
Ai UiaSaint Lucia
81%
EeueaVenezuela
81%
IäaaItävalta
81%
OoaMoldova
81%
OooKosovo
81%
UeiBrunei
81%
UiaeSuriname
81%
UiiaTunisia
80%
YyiaSyyria
79%
EieBelize
78%
IaeIsrael | Zimbabwe
78%
Oia a EeoiaBosnia ja
Hertsegovina
78%
UeiaTurkmenistan | Uzbekistan
78%
EioiaEtiopia
77%
EuaoEcuador
77%
OeiaSlovenia
77%
AaeBangladesh
74%
Ooi-AeoiaPohjois-Macedonia
73%
UaaRuanda | Uganda
73%
EieaEritrea
72%
UyaaGuyana
72%
EoiaGeorgia
71%
AuiaiaMauritania
70%
EooLesotho
70%
OeeoMontenegro
70%
YoKypros
70%
IeiaLiberia | Nigeria
69%
OuuuaioNorsunluurannikko
69%
A EeKap Verde
68%
OaaBotswana
68%
Oiiaaie aaaaDominikaaninen tasavalta
68%
AeaiaAzerbaidžan
66%
Eeä-UaEtelä-Sudan
66%
IiaiKiribati
66%
AeiiiMalediivit
65%
E AaoEl Salvador
65%
IaauaNicaragua
65%
UeuLuxemburg
65%
AuauVanuatu
64%
AuuNauru
64%
UaeaaGuatemala
64%
UauTuvalu
64%
UieaGuinea
64%
Yiyee aaieiiiuaYhdistyneet arabiemiirikunnat
64%
IouiDjibouti
62%
AeuKamerun
61%
EyeiSeychellit
61%
IaoLibanon
61%
Uia AoBurkina Faso
61%
Uiea-iauGuinea-Bissau
60%
Ão Oé a ÍieSão Tomé ja Príncipe
59%
AuiiuMauritius
59%
Iea EoeSierra Leone
59%
Äiäaaaa UieaPäiväntasaajan Guinea
58%
AiaaiaioVatikaanivaltio
57%
AooaaeSalomonsaaret
56%
Iä-IoItä-Timor
54%
Ei-Aia aaaaKeski-Afrikan tasavalta
53%
OaoMonaco
51%
A AioSan Marino
50%
IeeeiLiechtenstein
48%
IaoeSingapore
44%

Tulosjakauma

Persentiili vastausten määrän mukaan

Jokaisen tuloksen saaneiden osuus

Tuloshistoriasi

Et ole pelannut tätä visaa